| 000 | 00380pab a2200145 454500 | ||
|---|---|---|---|
| 008 | 180718b1989 xxu||||| |||| 00| 0 eng d | ||
| 100 | _aRaj, P.S. Vijaya Natha | ||
| 245 | _aGrass root elite and political parties of Tamil Nadu | ||
| 260 | _c1989 | ||
| 300 | _a9-11 | ||
| 362 | _a1 Jan. | ||
| 650 | _aPolitical Parties - India - Tamil Nadu | ||
| 773 | _aJanata | ||
| 909 | _a15320 | ||
| 999 |
_c15320 _d15320 |
||